000 00678nam a2200277Ia 4500
005 20260324124103.0
008 008 260324s9999 xx 000 0 eng d
020 _a9780429253256
037 _aEBOOK
040 _aCRL
040 _beng
040 _cCRL
041 _2eng
041 _aeng
084 _qCRL
100 _aJohn P. Crank; Rebecca K. Murray; Mark Sundermeier; Dawn M. Irlbeck
_91172791
245 0 _aMission-Based Policing
260 _bTaylor and Francis
260 _c2011
365 _a
365 _b300
856 _uhttp://www.taylorfrancis.com/books/9780429253256
942 _cEBOOK
999 _c1766896
_d1766896